000 01695nam a22002537a 4500
001 3897
003 FISKH
005 20240524153637.0
008 240522b cb ||||| |||| 00| 0 eng d
040 _aFISK
_beng
_cFISK
_dFISK
050 _aPS3552.R718
082 _a813.54
100 _aBrown Sandra
_d1948-
245 _aDeadline /
_cSandra Brown
260 _aGreat Britain :
_bHodder & Stoughton ,
_c2013
300 _a410 pages :
_c19 cm
505 _aM
520 _aAlready coping with battle fatigue following his return from Afghanistan, journalist Dawson Scott receives a tip he cannot ignore about a potentially huge story involving the son of terrorists at-large for forty years. Dawson Scott is a well-respected journalist recently returned from Afghanistan. Haunted by everything he experienced, he's privately suffering from battle fatigue which is a threat to every aspect of his life. But then he gets a call from a source within the FBI. A new development has come to light in a story that began 40 years ago. It could be the BIG story of Dawson's career one in which he has a vested interest. Soon, Dawson is covering the disappearance and presumed murder of former Marine Jeremy Wesson, the biological son of the pair of terrorists who remain on the FBI's Most Wanted list. As Dawson delves into the story, he finds himself developing feelings for Wesson's ex-wife, Amelia, and her two young sons. But when Amelia's nanny turns up dead, the case takes a stunning new turn, with Dawson himself becoming a suspect.
521 8 _a810
_bLexile estimate
521 8 _aM
_bRaz-Plus
700 _aSandra Brown
942 _2ddc
_cBK
_n0
999 _c3897
_d3897